000 00273nam a2200121 a 4500
008 101025s1962|||| d
100 1 _aMóric, Rudo
245 1 0 _aSmutný Suarez
260 _bŠport
_aBratislava
_c1962
041 _aslo
020 _c9,40
044 _axo
_cSK
999 _c12186
_d12186